The Orissa zilla parishad act, 1959 (Record no. 488246)

000 -LEADER
fixed length control field 00294cam a22001097a 4500
008 - FIXED-LENGTH DATA ELEMENTS--GENERAL INFORMATION
fixed length control field 180718b1960 xxu||||| |||| 00| 0 eng d
082 ## - DEWEY DECIMAL CLASSIFICATION NUMBER
Classification number B703x5414 Or4
100 ## - MAIN ENTRY--PERSONAL NAME
Personal name Orissa. Law Department
245 ## - TITLE STATEMENT
Title The Orissa zilla parishad act, 1959
260 ## - PUBLICATION, DISTRIBUTION, ETC.
Place of publication, distribution, etc. Cuttack
Name of publisher, distributor, etc. The author
Date of publication, distribution, etc. 1960
300 ## - PHYSICAL DESCRIPTION
Extent 26+p.
Holdings
Withdrawn status Lost status Damaged status Not for loan Permanent Location Current Location Date acquired Full call number Barcode Date last seen Price effective from Koha item type
        Indian Institute of Public Administration Indian Institute of Public Administration 2018-08-04 B703x5414 Or4 G2837 2018-08-04 2018-08-04 G

Powered by Koha